Clouds / (Record no. 3966)

MARC details
000 -LEADER
fixed length control field 01038nam a22002897a 4500
001 - CONTROL NUMBER
control field 3966
003 - CONTROL NUMBER IDENTIFIER
control field FISKH
005 - DATE AND TIME OF LATEST TRANSACTION
control field 20240528144944.0
008 - FIXED-LENGTH DATA ELEMENTS--GENERAL INFORMATION
fixed length control field 240528b cb ||||| |||| 00| 0 eng d
020 ## - INTERNATIONAL STANDARD BOOK NUMBER
International Standard Book Number 9780439711203
040 ## - CATALOGING SOURCE
Original cataloging agency FISKH
Language of cataloging eng
Transcribing agency FISKH
Modifying agency FISKH
050 ## - LIBRARY OF CONGRESS CALL NUMBER
Classification number QC921.B38
082 ## - DEWEY DECIMAL CLASSIFICATION NUMBER
Classification number 551.576
100 ## - MAIN ENTRY--PERSONAL NAME
Personal name Bauer, Marion Dane
245 ## - TITLE STATEMENT
Title Clouds /
Statement of responsibility, etc. Written by Marion Dane Bauer, John Wallace ; illustrated by John Wallace
250 ## - EDITION STATEMENT
Edition statement First Scholastic printing, 2004
260 ## - PUBLICATION, DISTRIBUTION, ETC.
Place of publication, distribution, etc. New York :
Name of publisher, distributor, etc. Scholastic,
Date of publication, distribution, etc. 2005
300 ## - PHYSICAL DESCRIPTION
Extent 32 pages :
Other physical details color illustrations ;
Dimensions 23 cm
505 ## - FORMATTED CONTENTS NOTE
Formatted contents note F<br/>
520 ## - SUMMARY, ETC.
Summary, etc. louds come in many different shapes and sizes. They can be white and fluffy or dark and scary. But where do clouds come from? The answer is at your fingertips. Just open this book and read about the wonders of clouds....
521 8# - TARGET AUDIENCE NOTE
Target audience note 360<br/>
Source Lexile <br/>
521 8# - TARGET AUDIENCE NOTE
Target audience note F<br/>
Source Raz-Plus <br/>
650 ## - SUBJECT ADDED ENTRY--TOPICAL TERM
Topical term or geographic name entry element Clouds
General subdivision Weather
700 ## - ADDED ENTRY--PERSONAL NAME
Personal name Wallace, John
Relator term Illustrator
942 ## - ADDED ENTRY ELEMENTS (KOHA)
Source of classification or shelving scheme Dewey Decimal Classification
Koha item type Books
Suppress in OPAC No
Holdings
Withdrawn status Lost status Source of classification or shelving scheme Damaged status Not for loan Collection Home library Current library Shelving location Date acquired Total Checkouts Full call number Barcode Date last seen Date last checked out Copy number Price effective from Koha item type
    Dewey Decimal Classification     Non-Fiction Footprints International School Library Network Toul Kork Campus Footprints International School Library Network Toul Kork Campus TK Primary Library Room(4th Floor), Bookcase 7, Shelves 57-60, Dark Green Books 05/28/2024 1 BAU 551.576 QC921.B38 FISBK05376 01/30/2025 08/06/2024 1 05/28/2024 Books
    Dewey Decimal Classification     Non-Fiction Footprints International School Library Network Toul Kork Campus Footprints International School Library Network Toul Kork Campus TK Primary Library Room(4th Floor), Bookcase 7, Shelves 57-60, Dark Green Books 06/02/2025   BAU 551.576 QC921.B38 FISBK05351 06/02/2025   2 06/02/2025 Books